Phonics D : (Record no. 102448)
[ view plain ]
| 000 -LEADER | |
|---|---|
| fixed length control field | 00471nam a2200157 a 4500 |
| 005 - DATE AND TIME OF LATEST TRANSACTION | |
| control field | 20140412111236.0 |
| 008 - FIXED-LENGTH DATA ELEMENTS--GENERAL INFORMATION | |
| fixed length control field | 001120s19uu xx 00 eng d |
| 050 ## - LIBRARY OF CONGRESS CALL NUMBER | |
| Classification number | TR(GS 414 |
| Item number | W37 1978 |
| 100 ## - MAIN ENTRY--PERSONAL NAME | |
| Personal name | Warten, Herbert |
| 245 ## - TITLE STATEMENT | |
| Title | Phonics D : |
| Remainder of title | long vowel sounds / |
| Statement of responsibility, etc | Herbert Wartenberg. |
| 260 ## - PUBLICATION, DISTRIBUTION, ETC. (IMPRINT) | |
| Place of publication, distribution, etc | New York : |
| Name of publisher, distributor, etc | Scholastic Inc, |
| Date of publication, distribution, etc | 1978. |
| 300 ## - PHYSICAL DESCRIPTION | |
| Extent | 32 p. ; col. ; ill. |
| 440 ## - SERIES STATEMENT/ADDED ENTRY--TITLE | |
| Title | A Scholastic Skills Book |
| 650 ## - SUBJECT ADDED ENTRY--TOPICAL TERM | |
| Topical term or geographic name as entry element | Reading -- Phonetic Methods |
| Withdrawn status | Lost status | Damaged status | Home library | Current library | Shelving location | Date acquired | Source of acquisition | Total Checkouts | Full call number | Barcode | Date last seen | Price effective from | Koha item type |
|---|---|---|---|---|---|---|---|---|---|---|---|---|---|
| Elizalde Library | Elizalde Library | Teachers Reference Section | 11/20/2000 | TR(GS 414 W37 1978 | E1767 | 04/12/2014 | 04/12/2014 | Books |